Método de Dirac y sistemas diferenciales exteriores /

Guardado en:
Otros Autores: Capriotti, Santiago. (Disertante), Cendra, Hernán, 1943- (Orientador), Montani, Hugo. (Orientador)
Formato: Manuscrito
Idioma:Spanish
Publicado: 2010.
Materias:
Acceso en línea:Texto completo
Etiquetas: Agregar Etiqueta
Sin Etiquetas, Sea el primero en etiquetar este registro!
LEADER 01409ntm a22003495a 4500
001 MAT.inmabb007032
008 111207s2010####ag#######bm###000#0#spa#d
005 20160329101418.0
245 1 0 |a Método de Dirac y sistemas diferenciales exteriores /  |c Santiago Capriotti. 
260 |c 2010. 
300 |a ix, 152 p. ;  |c 30 cm. 
500 |a "Tesis de Doctor en Matemática". 
500 |a Directores de tesis: Hernán Cendra y Hugo Montani. 
502 |a Tesis (doctoral)--Universidad Nacional del Sur. Departamento de Matemática, 2010. 
530 |a Disponible también en formato digital 
504 |a Incluye referencias bibliográficas. 
100 1 |a Capriotti, Santiago.  |4 dis 
700 1 |a Cendra, Hernán,  |d 1943-  |4 ths 
700 1 |a Montani, Hugo.  |4 ths 
710 2 |a Universidad Nacional del Sur.  |b Departamento de Matemática  |4 dgg. 
082 0 4 |a 040  |2 15 
082 0 4 |a 517.4  |2 15 
082 0 4 |a 516.7  |2 15 
650 7 |a Matemáticas.  |2 unbist 
653 |a Sistemas diferenciales exteriores 
653 |a Método de Dirac 
650 7 |a Ecuaciones diferenciales.  |2 unbist 
650 7 |a Cálculo de variaciones.  |2 Tesamat 
650 7 |a Geometría diferencial.  |2 Tesamat 
856 4 1 |3 Texto completo  |u http://repositoriodigital.uns.edu.ar/handle/123456789/2212 
859 |a AR-BaUNS  |b BIB. MATEMATICA  |h 040  |i B148 2010-1062c  |k R  |p 122637/011 
859 |a AR-BaUNS  |b BIB. MATEMATICA  |h 040  |i B148 2010-1062c  |p 122638/011